|
|
|
|
| LEADER |
00585cam a2200157 7i4500 |
| 001 |
0000028344 |
| 005 |
20120927090000.0 |
| 020 |
0 |
0 |
|a 9789211323931
|
| 090 |
0 |
0 |
|a I 690
|b UNI
|
| 110 |
2 |
0 |
|a United Nations Human Settlements Programme (UN - HABITAT)
|
| 245 |
2 |
0 |
|a Building urban safety through slum upgrading.
|
| 260 |
0 |
0 |
|a Nairobi:
|b Harvard University Press,
|c 2011.
|
| 300 |
# |
# |
|a 100 p.
|
| 650 |
0 |
0 |
|a Political science --
|x Public policy --
|x City planning & urban development
|
| 650 |
0 |
0 |
|a Social science --
|x Sociology --
|x Urban
|
| 999 |
|
|
|a 0000031333
|b Book
|c International
|e Business Information Centre
|